Philip Roth o el placer de escribir (Un novelista entre el "mundo escrito" y el "mundo real"

Enregistré dans:
Détails bibliographiques
Auteur principal: Paterson Jones, Judith
Format: Livre
Langue:Spanish
Publié: Buenos Aires, Argentina Editorial Fraterna 1986
Sujets:
Tags: Ajouter un tag
Pas de tags, Soyez le premier à ajouter un tag!

MARC

LEADER 00000nam a2200000Ia 4500
008 170316s9999 xx 000 0 spa d
040 |a cru BVZT 
090 |a C-810 P-1p 
100 |a Paterson Jones, Judith 
245 |a Philip Roth o el placer de escribir (Un novelista entre el "mundo escrito" y el "mundo real" 
260 |a Buenos Aires, Argentina 
260 |b Editorial Fraterna 
260 |c 1986 
300 |a 179 páginas 
650 |a LITERATURA ESTADOUNIDENSE 
650 |a CRÍTICA 
942 |c 15 D 
999 |c 12862  |d 12862